SOOS HONDE VAN DIE HEMEL (Record no. 675098)

MARC details
000 -LEADER
fixed length control field 00268nam a2200109Ia 4500
008 - FIXED-LENGTH DATA ELEMENTS--GENERAL INFORMATION
fixed length control field 220713s9999 xx 000 0 und d
020 ## - INTERNATIONAL STANDARD BOOK NUMBER
International Standard Book Number <a href="0 624 033988">0 624 033988</a>
082 ## - DEWEY DECIMAL CLASSIFICATION NUMBER
Classification number AF LERO
942 ## - ADDED ENTRY ELEMENTS
Modifier ID 561
Modifier Name John Tresidder
100 ## - MAIN ENTRY--PERSONAL NAME
Personal name LE ROUX VAN DER BOON
245 #0 - TITLE STATEMENT
Title SOOS HONDE VAN DIE HEMEL
942 ## - ADDED ENTRY ELEMENTS
item type Books
Holdings
Withdrawn status Lost status Damaged status Not for loan Home library Current library Date acquired Cost, normal purchase price Total Checkouts Barcode Date last seen Price effective from item type Public note
        Gerard Sekoto PL(MMID-PLST-GERA) Gerard Sekoto PL(MMID-PLST-GERA) 13.07.2022 47.99   3390900099661 13.07.2022 13.07.2022 Books 25/96
        Hendrina PL (MMID-PLST-HEND) Hendrina PL (MMID-PLST-HEND) 23.06.2022 90.00   33909000498942 23.06.2022 23.06.2022 Books 1519H